[Event "Graz-chT"]
[Site "Graz"]
[Date "1997.??.??"]
[Round "?"]
[White "Donev, Ivo Hristov"]
[Black "Bukal, Vladimir Sr"]
[Result "1-0"]
[WhiteElo "2420"]
[BlackElo "2400"]
[Annotator "Donev,I"]
[PlyCount "93"]
[EventDate "1997.??.??"]
[EventType "team"]
[EventRounds "9"]
[EventCountry "AUT"]
[SourceTitle "CBM 058"]
[Source "ChessBase"]
[SourceDate "1997.06.01"]
[SourceVersion "1"]
[SourceVersionDate "1997.06.01"]
[SourceQuality "1"]

1. e4 e6 2. d4 d5 3. Nd2 Nf6 4. e5 Nfd7 5. f4 c5 6. Ngf3 Nc6 7. Bd3 $5 ({
1990 probierte ich diese neue Idee bei einem Simultanwettkampf in Jedesheim
gegen den deutschen Schachspieler Raimund Lutzenberger (2300) zum ersten Mal
aus.} 7. Bd3 Qb6 8. dxc5 Nxc5 9. Nb3 Nxd3+ 10. Qxd3 Nb4 11. Qe2 Bd7 12. Nfd4
Ba4 13. Be3 $14 {Ein Jahr später (1991) mußte ich gegen den gleichen Spieler
bei einem Mannschaftswettkampf in Österreich antreten. Wir haben die gleiche
Variante gespielt, wobei ich eine Neuerung gebracht habe - siehe Informator 53.
Im Jahr 1995 habe ich in Biel bei der Europaauswahl gegen eine junge schweizer
Mannschaft im sogenannten Credit Masters gespielt. Zum Glück hat in diesem
Open ein starker GM (Mathias Wahls) gespielt, der sich für meine Variante
interessierte. Mit ihm haben wir stundenlang meine Variante analysiert. Er
konnte sogar meine Verbesserung 7. Bd3 Qb6 8. dc5!? in der Parie gegen IM
Matamoros ausprobieren. Das Fazit unserer gemeinsamen Analyse war, daß Weiß
einen ganz kleinen aber soliden positionellen Vorteil besitzt. Wie kam ich zu
dieser Idee? In meiner Jugend habe ich gerne "Mein System" von Nimzowitsch
studiert, wo der alte Maestro oft gegen Französisch die Vorstoßvariante
benutzte, jedoch mit Bd3, Nf3 (oder Qg4) ohne c3. In diesem Fall opfert Weiß
für den Entwicklungvorsprung vorläufig den Pd4, um Initiative am Königsflügel
zu bekommen.}) 7... g6 $146 8. O-O Qb6 {Es droht c5-c4 und nach dem Rückzug
des Läufers Nd4.} 9. dxc5 Nxc5 (9... Bxc5+ 10. Kh1 a5 11. Nb3 Be7 12. Qe2 a4
13. Be3 Qc7 (13... Qb4 $2 14. a3 $18) 14. Nbd4 $14) 10. Kh1 Nxd3 11. cxd3 {
Auf dem Brett ensteht eine typisch französische Bauernstruktur, aber zwei
Kleinigkeiten beeinflussen die Bewertung für Weiß positiv: a) Der weiße
d-Bauer steht noch nicht auf d4, daher sind die Felder e4 und c4 gedeckt  b)
das Zentrumsfeld d4 wird ein starker Vorposten für eine weiße Leichtfigur. So
habe ich den folgenden Plan gewählt: Nb3, Qe2, Be3 und die weißen Figuren sind
harmonisch im Zentrum entwickelt. Später bleibt nur noch der Abtausch des
weißfeldrigen Läufers, und so bekommt Weiß am Ende einen sehr starken Springer
auf dem schwarzen Feld d4.} Bd7 (11... a5) 12. Nb3 a5 13. Qe2 Rd8 (13... a4 14.
Be3 Qb5 15. Nbd4 Nxd4 16. Nxd4 Qa6 17. Rac1 $14) 14. Be3 d4 {Nach diesem Zug
steht Weiß vor einem Dilemma: a) Das Bauernopfer annehmen und in Kauf nehmen,
daß der Gegner Initiative im Zentrum bekommt. b) Den Bf2 ziehen, mit der Idee,
ihn auf den Königsflügel zu überführen, wo er entweder die abgeschwächten
schwarzen Felder kontrolliert oder für den Tausch des gegnerischen
schwarzfeldrigen Läufers bereitsteht.} (14... Qa6 15. Rac1 $14) 15. Bf2 $1 {
Hier habe ich 40 Minuten lang Varianten durchgerechnet, bevor ich die richtige
Entscheidung traf.} (15. Nbxd4 Nxd4 16. Nxd4 (16. Bxd4 Qa6 $44 {/\Bb5}) 16...
Bc5 17. Nc2 Bb5 18. Rad1 O-O $44) 15... a4 (15... Be7 {Jetzt kann der
Anziehende den Pd4 schlagen, weil der Bf2 in dieser Variante, wie wir später
sehen werden, zweimal gedeckt ist.} 16. Nbxd4 Nxd4 17. Nxd4 Bc5 18. Nb3 $1 Bxf2
19. Qxf2 $16) 16. Nbd2 Be7 (16... Qxb2 17. Rfb1 Qc2 (17... Qa3 18. Ne4 Be7 19.
Bxd4 $16) (17... Qc3 18. Ne4 $16) 18. Ne1 Qc5 19. Ne4 Qa7 20. Nf6+ Ke7 21. Bh4
$16) 17. Ne4 $16 O-O {Das ist die kritische Mittelspielstellung. Weiß hat
großen positionellen Vorteil. Der weiße Ne4 steht riesig und der schwarze
Königsflügel ist geschwächt. Es ist mir klar geworden, daß ich gute Chancen
auf einen erfolgreichen Königsangriff habe. Wichtig ist bei diesem Angriff der
Abtausch des schwarzfeldrigen Läufers. Nach dem Abtasch werden die schwarzen
Felder am Königsflügel noch schwächer. Die weiße Dame und die beiden Springer
können dann den entscheidenden Angriff noch leichter führen. Leider bin ich
nicht tief genug in die Stellung eingedrungen und habe zu schnell den
Läufertausch angeboten, wodurch Schwarz Gegenspiel auf den schwachen weißen
Zentralfeldern bekommen hat. Der Hauptnachteil des zu frühen Läufertausches
ist das Feld e7, das für den schwarzen Springer geräumt wird. Bevor ich die
Karten offen auf den Tisch lege, muß ich eine Frage stellen: Wie wird der
Nachziehenden seine Stellung konsolidieren? Es scheint logisch, den schlechten
Bd7 auf die starke Diagonale h1-a8 zu überführen. Darum muß der Springer das
Feld c6 räumen. In der Folge stören sich die schwarzen Leichtfiguren jedoch
gegenseitig, und die weißen Leichtfiguren harmonieren miteinander.  Eine
andere Idee besteht darin, den Nc6 auf den starken Vorposten e3 zu überühren.
Zu diesem Zweck muß er über die abgeschwächten Felder d5 oder f5 nach e3
überführt werden können. Mit meinem nächsten Zug 18.Bh4 habe ich die schwarze
Umgruppierung erleichtert. Nun ist noch folgende Frage zu beantworten: Was
könnte Schwarz ziehen, wenn er am Zug wäre? Natürlich Nb4 nebst Bc6 und Nd5.
Meine Schlußfolgerung aus dieser Analyse ist, daß der ruhige Zug 18.a3 deshalb
gut ist, weil die Schlüsselfigur(Nc6) für die schwarze Umgruppierung noch mehr
eingeschränkt wird.} 18. Bh4 $6 (18. a3 $3 {Nach diesem wunderschönen
positionellen Zug, der das Feld b4 überwacht, steht Weiß klar besser. Seine
Chancen auf einen erfolgreichen Königsangriff sind sehr groß.} Na5 (18... Rc8
19. Rac1 (19. Rad1 Rfd8 20. Rd2 {nebst Qe1 und Bh4.}) 19... Rfe8 (19... Rfd8
20. Rc2 Na5 21. Rfc1 $16) 20. Bh4) 19. Bh4 Bxh4 20. Nxh4 Bc6 21. Nf6+ Kg7 22.
f5 $16) (18. Nfg5 $6 h6 19. Nf3 Kg7) 18... Bxh4 19. Nxh4 Ne7 $1 20. Nf6+ Kg7
21. Rf3 {Weiß setzt alles auf eine Karte - den Königsangriff. Darum wollte ich
so schnell wie möglich alle meine Figuren auf den Königsflügel überführen.} Bc6
22. Rh3 {Achtung! Es droht eine kleine Kombination: Nf5+ nebst Rh7#} Rh8 23.
Rf1 Nd5 {Weiß muß sich mit dem Angriff beeilen, sonst bekommt Schwarz nach Ne3
starkes Gegenspiel.} (23... h6 $142 24. Rg3 $40) 24. f5 $3 {Diese wichtige
Entscheidung hat mich 10 Minuten gekostet.} exf5 (24... Ne3 25. Nh5+ $3 (25.
Rxe3 dxe3 26. fxe6 fxe6 27. Nh5+ gxh5 28. Qxh5 Rhf8 29. Qg5+ Kh8 30. Ng6+ $11)
25... gxh5 (25... Kf8 26. fxg6 $18) (25... Kg8 26. fxe6) (25... Kh6 26. fxg6
$18) 26. fxe6 Nxf1 27. Qxf1 $18) 25. Nxf5+ gxf5 26. Qh5 $18 {Der weiße
Königsangrif ist nicht aufzuhalten.} h6 (26... Nxf6 27. Qh6+ Kg8 28. exf6 $18)
(26... Kf8 {In dieser Variante ist es von großer Bedeutung, daß die schwarze
Qb6 ungedeckt ist.} 27. Qh6+ Ke7 28. Nxd5+ {[%cal Yh6b6]} Rxd5 29. Qf6+ Kd7 30.
Qxh8 $18) 27. Qxf5 Qc7 28. Nxd5 Bxd5 29. Qf6+ Kf8 (29... Kg8 30. Rg3+ Kf8 31.
Qxh8+ $18) 30. Qxh8+ Ke7 31. Qf6+ Kd7 32. Qxf7+ (32. Rxh6 Qc2 (32... Rg8 33.
Qxf7+ Bxf7 34. Rxf7+ Kc8 35. Rxc7+ Kxc7 36. Kg1 $18) 33. Qg5 $18) 32... Bxf7
33. Rxf7+ Kc8 34. Rxc7+ Kxc7 35. Rxh6 Rd5 $8 {Der einzige Zug, der dem
Nachziehenden noch ein wenig Rettungschancen läßt. Weiß hat hier mehrere
Kandidaten: Rh4; e6; Rh7; Rf6; g4; h4 und Kg1. Leider hatte ich in diesem
Moment für die restlichen 5 Züge nicht einmal mehr 2 Minuten. Die Entscheidung
über die nächsten 5 Züge habe ich rein intuitiv getroffen.} 36. Rh4 Rb5 37.
Rxd4 Rxb2 38. h4 (38. g4 $1 Rxa2 39. g5 b5 40. g6 $18) 38... Rxa2 39. h5 b5 40.
h6 a3 (40... Rf2 41. e6 (41. h7 Rf8) 41... Rf8 (41... Rf6 42. Rh4 a3 43. e7 $1
Kd7 44. h7 a2 45. e8=Q+ $1 $18) 42. e7 (42. Rd7+ Kb6 43. Rf7 Rh8) 42... Re8 (
42... Rh8 43. Rd8 $18) 43. h7 a3 $1 44. Rd8 a2 45. Rxe8 a1=Q+ 46. Kh2 Qe5+ 47.
Kg1 Qe1+ 48. Kh2 Qh4+ 49. Kg1 Qxh7 50. Rc8+ $11) 41. h7 Ra1+ 42. Kh2 a2 {
Weiß muß die große Diagonale mit Tempo Räumen, sodaß die neugeborene Qh8 das
Feld a1 kontrollieren kann!} 43. Rd7+ $3 (43. h8=Q Rh1+ $1 44. Kxh1 a1=Q+ 45.
Kh2 Qxd4) 43... Kxd7 44. e6+ $1 Ke7 45. h8=Q {Jetzt versteht man die Idee der
vorhergenden 2 Züge von Weiß. Schwarz kann den Turm nicht mit Tempo opfern 
(Rh1), weil die weiße Dame das Feld a1 überwacht.} Rf1 46. Qg7+ Kxe6 47. Qg8+
1-0

[Event "Merida"]
[Site "Merida"]
[Date "2000.06.15"]
[Round "3"]
[White "Polgar, Judit"]
[Black "Hernandez Guerrero, Gilberto Eduardo"]
[Result "1-0"]
[WhiteElo "2658"]
[BlackElo "2560"]
[Annotator "Finkel,A"]
[PlyCount "63"]
[EventDate "2000.06.13"]
[EventType "tourn"]
[EventRounds "6"]
[EventCountry "MEX"]
[EventCategory "17"]
[SourceTitle "CBM 078"]
[Source "ChessBase"]
[SourceDate "2000.10.18"]
[SourceVersion "1"]
[SourceVersionDate "2000.10.18"]
[SourceQuality "1"]

1. e4 e6 2. d4 d5 3. Nc3 Nf6 4. e5 Nfd7 5. Nce2 c5 6. c3 cxd4 7. cxd4 f6 8. f4
fxe5 9. fxe5 (9. dxe5 Nc6 10. Nf3 Bb4+ 11. Nc3 (11. Bd2 Nc5 12. Bxb4 Nxb4 13.
Nc3 (13. Ned4 Qa5 $36) 13... O-O 14. a3 (14. g3 d4 $36) 14... Nc6 15. g3 Qb6
16. b4 Nxb4 17. axb4 (17. Rb1 Ncd3+ 18. Bxd3 Qe3+ $19) 17... Qxb4 18. Rc1 Nb3
$17) 11... Nc5 12. Be3 Qa5 13. Qc2 O-O 14. Rc1 $2 (14. a3 Ne4 (14... d4 15.
Nxd4 Nxd4 16. Bxd4 Rxf4 17. O-O-O Bxa3 18. g3 $1 $16 (18. bxa3 Qxa3+ 19. Qb2
Nb3+ $19)) 15. Rc1 Bxc3+ 16. bxc3 $13) 14... d4 $1 $17 {Shirov,A-Ivanchuk,V/
Tilburg 1993}) 9... Bb4+ (9... Qh4+ 10. Ng3 Bb4+ 11. Kf2 O-O+ 12. Nf3 Nc6 13.
Be3 $14) 10. Kf2 (10. Bd2 $2 Qh4+ $17) 10... O-O+ 11. Nf3 Nc6 12. a3 (12. Be3
$13) 12... Ndxe5 $6 {This sacrifice,wich is typical for many variations in
french defense now is not so strong that's why black should prefer simple} (
12... Ba5 13. Nf4 (13. h4 Qe7 14. Kg3 (14. g4 Ndxe5 15. dxe5 Nxe5 16. Bg2 Nxg4+
$13) 14... Bc7 15. Kh3 Qf7 16. Nf4 Nf6 17. Bd3 Ne4 18. Rf1 $14) 13... Qe7 14.
h4 $6 Bb6 $1 15. Kg3 (15. Be3 Ndxe5 $1 16. Nxe5 Nxe5 17. dxe5 Rxf4+ $19) 15...
g5 16. hxg5 Nxd4 $1 17. Nxd4 Qxg5+ $40 {in all the cases with complicated
struggle.}) 13. axb4 Qh4+ 14. Kg1 $6 {For some reason white decides to give up
a pawn on f3,which is very important one.Better was} (14. Ng3 $5 Nxd4 15. Be2
Nexf3 16. gxf3 e5 17. Be3 $16) 14... Nxf3+ 15. gxf3 Rxf3 16. Ng3 Nxd4 17. Bg2
Rf7 $6 {Missing a chanse to get strong counterplay after} (17... Ne2+ $1 18.
Qxe2 Qd4+ 19. Be3 Qxe3+ (19... Rxe3 20. Qf2 Rd3 $13) 20. Qxe3 Rxe3 21. Kf2 Rb3
$132) 18. Be3 $14 {Despite of material balance white has muh better chanse,
mainly because of paralised queenside of black.} Nf5 $6 (18... Nc6 19. b5 Ne5
20. Bd4 Nc4 21. b3 Nd6 (21... Rf4 22. Ne2 $18) 22. b6 a6 23. Be5 $14) 19. Nxf5
Rxf5 20. b5 $1 {[%cal Ga1a4,Ga4g4]} Bd7 21. b6 a6 22. Qd4 Qh5 (22... Qxd4 23.
Bxd4 Raf8 24. Re1 Rf4 25. Be3 R4f5 26. h4 Bc6 27. Bh3 R5f6 28. Bg5 $16) 23. h3
$1 Bc6 24. Kh2 e5 25. Qg4 Rd8 ({Deserved attention} 25... Qf7 26. Rhf1 Rf8 27.
Rxf5 Qxf5 28. Qxf5 Rxf5 29. Ra5 $1 e4 30. Rc5 Rf6 31. Bd4 Re6 32. Kg1 $14 {
and it's not so easy for white to breakthrough.}) 26. Qxh5 Rxh5 27. Rhf1 g6 $6
(27... e4 $5) 28. Bf3 $1 {Now the bishop makes hs way to e6 with decisive
effect.} Rf5 29. Bg4 $1 Rxf1 30. Rxf1 Kg7 31. Be6 $1 $18 Be8 (31... Rf8 32.
Bh6+ Kxh6 33. Rxf8 $18) 32. Bc5 1-0

[Event "Belfort Masters 6th"]
[Site "Belfort"]
[Date "2003.12.19"]
[Round "5"]
[White "Bauer, Christian"]
[Black "Gurevich, Mikhail"]
[Result "1/2-1/2"]
[WhiteElo "2602"]
[BlackElo "2656"]
[Annotator "Finkel,A"]
[PlyCount "67"]
[EventDate "2003.12.15"]
[EventType "tourn"]
[EventRounds "10"]
[EventCountry "FRA"]
[EventCategory "15"]
[SourceTitle "CBM 099"]
[Source "ChessBase"]
[SourceDate "2004.03.30"]
[SourceVersion "1"]
[SourceVersionDate "2004.03.30"]
[SourceQuality "1"]

1. e4 e6 2. d4 d5 3. Nc3 Nf6 4. e5 Nfd7 5. f4 c5 6. Nce2 $5 {This move isn't
played too often on the high level, but this game may have an impact on
further development of the line with 6.Nce2.} cxd4 7. Nxd4 Nc6 8. Ngf3 Nc5 (
8... Nxd4 9. Nxd4 Nb8 (9... Qb6 10. c3 Bc5 11. a4 a5 12. Bb5 O-O 13. O-O f6 14.
exf6 Bxd4+ 15. Qxd4 Qxd4+ 16. cxd4 Nxf6 $11 {Nataf,I-Baklan,V/Istanbul 2003})
10. Be3 Nc6 11. c3 Qb6 12. b4 a5 13. a3 Nxd4 14. Bxd4 Qd8 15. Bd3 $14 {
Baramidze,D-Zaragatski,I/Deizisau 2003}) 9. Be3 Bd7 (9... f6 10. exf6 Qxf6 11.
Bb5 Bd7 12. Bxc6 bxc6 13. Ne5 Bd6 14. O-O O-O 15. Qh5 $14 {Ghinda,M-Schinzel,W/
Rimavska Sobota 1975}) (9... Be7 10. c3 O-O 11. Be2 (11. Qc2 Bd7 12. Ng5 Bxg5
13. Nxc6 Bxc6 14. fxg5 Ne4 $132 {Timoshenko,G-Sergeev,V/Kiev 1986}) 11... Nxd4
12. Bxd4 Ne4 13. O-O Bd7 14. Bd3 a6 15. Qe2 Nc5 16. Rf2 Nxd3 17. Qxd3 $14 {
Ponomariov,R-Akopian,V/Moscow 2002}) 10. c3 Be7 11. Nb3 $1 {White is not
satisfied with minimal advantage after 11.Bd3.} (11. Bd3 Nxd4 (11... Nxd3+ 12.
Qxd3 Na5 13. b3 O-O 14. O-O $14) 12. Nxd4 Qb6 13. Rb1 Nxd3+ 14. Qxd3 Bc5 15.
O-O Bb5 16. Nxb5 Bxe3+ 17. Kh1 Bc5 18. b4 Be7 19. f5 $36) 11... b6 12. Be2 Nxb3
13. axb3 Bc5 14. Qd2 $1 {The queen is better placed on d2, since the bishop
belongs to d3.} (14. Qd3 $6 {[%csl Rd3]} a5 15. O-O Ne7 $132) 14... a5 15. O-O
O-O 16. Bd3 Qe7 17. Kh1 (17. Rae1 f6 18. exf6 gxf6 19. Kh1) 17... f6 18. exf6
gxf6 19. Rae1 Qd6 $6 {It would be safer to put the queen on g7, but the pawn
on d5 needs protection in some lines.} 20. Qf2 {Starting very strong manoeuvre
increasing white's advantage.} Rf7 21. Qh4 $16 Bxe3 22. Rxe3 Raf8 23. Qh6 $1
Rg7 (23... d4 24. cxd4 Nxd4 25. Nxd4 Qxd4 26. Rg3+ Kh8 27. Bxh7 $18) 24. Ne5 $1
$18 {An extremly unpleasent move, which should've gained white the whole point,
however with his next move white permits black to escape.} Qe7 (24... fxe5 25.
Rg3 $1 $18 {[%csl Rg8]}) 25. Nxc6 $2 ({After the correct} 25. Nxd7 $1 {[%csl
Rf8] white is winning in all the lines.} Qxd7 26. Rff3 $1 {[%cal Gf3g3]} e5 (
26... Kh8 27. Bxh7 $18) (26... Qf7 27. Rg3 Kh8 28. Qxg7+ Qxg7 29. Rxg7 Kxg7 30.
Rxe6 $18) 27. Rg3 e4 28. Rxg7+ Qxg7 29. Rg3 Qxg3 30. hxg3 exd3 31. Qh5 $18)
25... Bxc6 26. Rfe1 (26. Rff3) 26... Bd7 $6 (26... d4 $1 27. Rg3 Rxg3 28. hxg3
Rd8 29. Bc4 Bd5 30. cxd4 Bxc4 31. bxc4 Rxd4 32. Qh3 $13) 27. Bf5 e5 28. Bxd7
Qxd7 29. fxe5 fxe5 30. Rxe5 $6 {Another unfortunate decision. Simple} (30. Qxb6
{would be far more difficult for black to face.} d4 31. Rxe5 Rxg2 32. Qc5 $1
$16) 30... Rxg2 31. Rg5+ Rxg5 32. Qxg5+ Qg7 33. Qxd5+ Kh8 34. Qg2 $14 1/2-1/2

[Event "WchT 7th"]
[Site "Bursa"]
[Date "2010.01.07"]
[Round "3.3"]
[White "Malakhov, Vladimir"]
[Black "Shulman, Yuri"]
[Result "1-0"]
[WhiteElo "2716"]
[BlackElo "2624"]
[Annotator "Ftacnik,L"]
[PlyCount "65"]
[EventDate "2010.01.05"]
[EventType "team-tourn"]
[EventRounds "9"]
[EventCountry "TUR"]
[SourceTitle "CBM 134"]
[Source "ChessBase"]
[SourceDate "2010.01.18"]
[SourceVersion "1"]
[SourceVersionDate "2010.01.18"]
[SourceQuality "1"]
[WhiteTeam "Russia"]
[BlackTeam "US of America"]
[WhiteTeamCountry "RUS"]
[BlackTeamCountry "USA"]

1. e4 e6 2. d4 d5 3. Nd2 Nf6 4. e5 Nfd7 5. f4 c5 6. Ngf3 Nc6 7. Nb3 {White is
investing lot of time in order to favourably solve the problem of the centre.
Should he be able to close it, he may hope for chances on the kingside.} c4 8.
Nbd2 b5 9. Be2 Nb6 (9... Qb6 10. Nf1 f6 11. Ne3 fxe5 12. fxe5 Be7 13. c3 O-O
14. O-O b4 15. Qe1 bxc3 16. bxc3 Qa5 17. Bd1 Rf7 18. Bc2 Nf8 19. Nd1 Bd7 $11 {
0-1 Smagin,S (2613)-Gurevich,M (2688)/Essen 2001 (44)}) 10. Nf1 Bd7 (10... Be7
11. c3 Bd7 12. h4 Qc7 13. h5 h6 14. Qc2 b4 15. Ne3 Na5 16. f5 b3 17. Qb1 bxa2
18. Rxa2 Nb3 19. O-O O-O-O 20. fxe6 Bxe6 21. Nf5 Nxc1 22. Nxe7+ Qxe7 23. Qxc1
$16 {1-0 Smagin,S (2583)-De Francesco,K (2294)/Bad Wiessee 1999 (32)}) 11. Ne3
Be7 12. O-O Qc7 13. Bd2 a5 (13... f6 14. Be1 O-O 15. Bh4 Kh8 16. Kh1 a5 17. Qd2
b4 18. b3 c3 19. Qe1 a4 20. Bd3 Be8 21. Rd1 f5 $11 {1-0 Malakhov,V (2637)
-Volkov,S (2578)/Panormo 2001 (41)}) 14. Be1 O-O-O $2 {Shulman's desire to
avoid asphixation on the kingside is understandable, but his choice of
castling direction is even worse.} (14... O-O 15. Qd2 b4 16. Bh4 $14) 15. b3 a4
$6 {Black's strategy in this game will be punished with severity. It made
little sense to help White with the opening of the queenside.} (15... Kb8 16.
Rb1 Ka8 17. Qd2 b4 18. c3 $16) 16. Rb1 Qa7 17. bxc4 bxc4 (17... Nxc4 18. Nxc4
bxc4 19. c3 Kc7 20. Bg3 $16) 18. Bf2 Na5 {One more step of the piece in the
wrong direction. Where exactly is Black trying to play actively?} (18... f5 19.
exf6 gxf6 20. Qd2 Bd6 21. Rb5 $16) (18... Rdf8 19. c3 f5 20. Qd2 $16) 19. f5 $1
g6 (19... exf5 20. Rxb6 Qxb6 21. Nxd5 Qe6 22. Nxe7+ Qxe7 23. Qd2 Nc6 24. Bxc4
$18) 20. f6 Ba3 (20... Bf8 21. Ng5 Be8 22. Qd2 $18) 21. Ng5 Be8 22. Bg4 Nc6 (
22... h5 23. Bh3 $16) 23. Nxe6 $1 {[%mdl 128] The opening of the position is
finding the defender ill prepared for the attack of the enemy pieces.} fxe6 24.
Bxe6+ Rd7 (24... Bd7 25. Nxd5 Nxd5 26. Bxd5 $18) 25. Nxd5 Nxd5 26. Qf3 Nd8 (
26... Nxd4 27. Bxd7+ Qxd7 (27... Bxd7 28. Qxd5 Bc5 29. Bxd4 Bxd4+ 30. Kh1 $18)
28. Bxd4 $18) 27. Bxd5 {Malakhov will be fighting with the problem of
mobilizing his attention for the best solutions. His position is so favourable,
that most sensible lines end devastatingly for Black.} (27. Qxd5 Nxe6 28. Qxe6
c3 (28... Bf7 29. Qh3 Qa6 30. Qxa3 $18) 29. d5 Qa5 30. Rfd1 Bb2 31. Rd4 Qb5 32.
Qg4 $18) 27... Qa6 (27... Rxd5 28. Qxd5 Bc6 29. Qxc4 Qf7 30. Qd3 Qd5 31. Qh3+
Ne6 32. c4 Qxc4 33. Qxa3 $18) 28. e6 (28. Bxc4 Qc6 (28... Qxc4 29. Qa8+ Kc7 30.
d5 Bb4 31. d6+ Rxd6 32. exd6+ Kxd6 33. Rfd1+ $18) 29. Qd3 Bf8 30. d5 Bc5 31. e6
Bxf2+ 32. Rxf2 $18) 28... Rxd5 29. Qxd5 Nxe6 (29... Bd6 30. e7 Nb7 31. Qe6+ Kc7
(31... Kb8 32. d5 $18) 32. Bg3 $18) (29... Qxe6 30. Rb8+ Kxb8 31. Qxd8+ Kb7 32.
Rb1+ $18) 30. Bg3 {The black king was certainly regretting its choice of
location. White is rounding up the game with an old fashioned hunt of his
royal highness.} Nc7 31. Bxc7 (31. Rb8+ Kxb8 32. Qd8+ Ka7 33. Qxc7+ Qb7 34.
Qa5+ Qa6 35. Bb8+ Kxb8 36. Qxa6 c3 37. f7 $18) 31... Kxc7 32. f7 Bd7 (32... Rf8
33. Qe5+ Kd7 34. Rbe1 Bxf7 35. Rxf7+ Rxf7 36. Qe8+ Kc7 37. Qxf7+ $18) 33. Qe5+
1-0

[Event "ROM-ch49 Final"]
[Site "Timisoara"]
[Date "1985.12.??"]
[Round "?"]
[White "Ghinda, Mihail Viorel"]
[Black "Foisor, Ovidiu Doru"]
[Result "1/2-1/2"]
[WhiteElo "2475"]
[BlackElo "2430"]
[Annotator "Ghinda,M"]
[PlyCount "57"]
[EventDate "1985.12.??"]
[EventType "swiss"]
[EventRounds "11"]
[EventCountry "ROU"]
[SourceTitle "EXT 2020"]
[Source "ChessBase"]
[SourceDate "2019.10.17"]
[SourceVersion "1"]
[SourceVersionDate "2019.10.17"]
[SourceQuality "1"]

1. e4 e6 2. d4 d5 3. Nd2 Nf6 4. e5 Nfd7 5. f4 c5 6. Ndf3 Nc6 7. Ne2 Qb6 8. g3
cxd4 9. Nexd4 Nxd4 10. Nxd4 Nb8 11. c3 Nc6 12. Nb3 Bd7 13. a4 a5 14. Bb5 Bc5
15. Nxc5 Qxc5 16. Qd3 d4 17. O-O O-O 18. Rd1 $2 (18. cxd4 $1 Qb6 19. Qe4 $1)
18... Qb6 19. cxd4 Nb4 20. Qe2 Bxb5 21. Qxb5 Qxb5 22. axb5 Rfd8 23. Bd2 Rxd4
24. Bxb4 Rxb4 25. Rxa5 Rc8 26. Rd2 h5 27. Kg2 Kh7 28. Kh3 Kg6 29. Ra3 1/2-1/2